Biodiversidad : (Registro nro. 2782)

Detalles MARC
000 -CABECERA
Campo de control 00844nam a2200253 a 4500
005 - FECHA Y HORA DE LA ULTIMA TRANSACCION
Campo de control 20200104041536.0
008 - ELEMENTOS DE LONGITUD FIJA—INFORMACION GENERAL
Campo de control 140306t2002 cr a gr|||| 00| 0 spa d
020 ## - ISBN
ISBN 9977573816
040 ## - FUENTE DE CATALOGACIÓN
Agencia catalogadora original CO-BoIAVH
Agencia transcriptora CO-BoIAVH
041 0# - IDIOMA
Código de idioma para texto/pista de sonido o título separado Español
044 ## - PAÍS DE PUBLICACIÓN
País de publicación Costa Rica
082 04 - NUMERO DE CLASIFICACION DECIMAL DEWEY
Número de clasificación 333.9509728
Número del ítem P37b
100 1# - ASIENTO PRINCIPAL--NOMBRE PERSONAL
Nombre personal Pedroni, Lucio
9 (RLIN) 15728
245 10 - MENCION DE TITULO
Título Biodiversidad :
Parte restante del título el problema y los esfuerzos que se realizan en Centroamérica /
Mención de responsabilidad CATIE
260 ## - PUBLICACION, DISTRIBUCION, ETC. (PIE DE IMPRENTA)
Lugar de publicación, distribución, etc. Turrialba :
Nombre del editor, distribuidor, etc. CATIE,
Fecha de publicación, distribución, etc. c2002.
300 ## - DESCRIPCION FISICA
Extensión 48 páginas :
Otros detalles físicos Ilustraciones ;
Dimensiones 26 x 19 cm.
504 ## - NOTA DE BIBLIOGRAFIA, ETC.
Nota de bibliografía Incluye referencias bibliográficas: páginas 45-47
650 16 - ASIENTO SECUNDARIO DE MATERIA - TERMINO TEMATICO
Término temático o nombre geográfico como elemento de entrada Biodiversidad
9 (RLIN) 92204
650 16 - ASIENTO SECUNDARIO DE MATERIA - TERMINO TEMATICO
Término temático o nombre geográfico como elemento de entrada Conservación de biodiversidad
9 (RLIN) 345
650 26 - ASIENTO SECUNDARIO DE MATERIA - TERMINO TEMATICO
Término temático o nombre geográfico como elemento de entrada Corredor Biológico Centroamericano
9 (RLIN) 17425
662 ## - ASIENTO SECUNDARIO DE MATERIA - JERARQUIA DEL NOMBRE DE LUGAR(
Jurisdicción política intermedia América Central
700 1# - ASIENTO SECUNDARIO - NOMBRE PERSONAL
Nombre personal Morera Jiménez, Marisol
9 (RLIN) 17426
942 ## - ELEMENTOS ADICIONALES (KOHA)
Tipo de ítem Libro
Sistema de clasificación Dewey Decimal Classification
Existencias
Withdrawn status Lost status Sistema de Clasificación Damaged status No para préstamo Colección Inventariado Ubicación Permanente Ubicación actual Fecha de adquisición Fuente de Valor Valor Total Checkouts Número topográfico Inventario / Código de Barras Date last seen Ejemplar Price effective from Forma de adquisición Tipo de material
    Dewey Decimal Classification     General Inventariado 2017 Bogotá Bogotá 25/06/2002 Instituto 15000.00   LB-333.9509728 P37b 003264 04/12/2012 Ej. 1 04/12/2012   Libro